| 000 | 00713nam a2200193Ia 4500 | ||
|---|---|---|---|
| 003 | GCL | ||
| 008 | 140319s9999 xx 000 0 ara d | ||
| 040 |
_aGCL / _cGCL |
||
| 082 | 0 | 4 |
_a150.195 _bع ا |
| 100 | 1 | _aعلى زيعور | |
| 245 | 1 | 0 |
_aانحرافات السلوك والفكر فى الذات العربية: فى الصحة العقلية والبحث عن الكيف الخلاق / _cعلى زيعور |
| 260 |
_a[S.N] : _bالمركز الثقافى العربى ، _c1992 |
||
| 300 | _a332 ص | ||
| 490 |
_aالتحليل النفسى والانسانى للذات العربية _v0 |
||
| 650 | 0 | 4 | _aعلم النفس |
| 650 | 0 | 4 | _aالاخلاق |
| 650 | 0 | 4 | _aالسلوك |
| 942 |
_2ddc _cBK |
||
| 999 |
_c45831 _d45831 |
||